<?xml version="1.0" encoding="UTF-8"?><collection xmlns="info:lc/xmlns/marcxchange-v2"><record format="Unimarc" type="bibliographic"><leader>00882nas  2200265   450 </leader><controlfield tag="001">1384250</controlfield><controlfield tag="003">http://id.bnportugal.gov.pt/bib/porbase/1384250</controlfield><datafield ind1=" " ind2=" " tag="010"><subfield code="a">90-04-14736-5</subfield></datafield><datafield ind1=" " ind2=" " tag="010"><subfield code="z">978-90-04-14736-2</subfield></datafield><datafield ind1=" " ind2=" " tag="035"><subfield code="a">(bn)1384250</subfield></datafield><datafield ind1=" " ind2=" " tag="100"><subfield code="a">20061026d2006    m  y0pory0103    ba</subfield></datafield><datafield ind1="0" ind2=" " tag="101"><subfield code="a">eng</subfield></datafield><datafield ind1=" " ind2=" " tag="102"><subfield code="a">NLr</subfield><subfield code="a">US</subfield></datafield><datafield ind1=" " ind2=" " tag="105"><subfield code="a">a   z   000yy</subfield></datafield><datafield ind1=" " ind2=" " tag="106"><subfield code="a">r</subfield></datafield><datafield ind1="1" ind2=" " tag="200"><subfield code="a">Comrades, clients and cousins</subfield><subfield code="e">colonialism, socialism and democratization in São Tomé and Príncipe</subfield><subfield code="f">Gerhard Seibert</subfield></datafield><datafield ind1=" " ind2="9" tag="210"><subfield code="a">Leiden</subfield><subfield code="a">Boston</subfield><subfield code="c">Brill</subfield><subfield code="d">2006</subfield></datafield><datafield ind1=" " ind2=" " tag="215"><subfield code="a">XVIII, 615 p.</subfield><subfield code="c">il.</subfield><subfield code="d">24 cm</subfield></datafield><datafield ind1="2" ind2=" " tag="225"><subfield code="a">African social studies series</subfield><subfield code="v">13</subfield></datafield><datafield ind1=" " ind2=" " tag="675"><subfield code="a">325.8(669.95)(091)</subfield><subfield code="v">BN</subfield><subfield code="z">por</subfield><subfield code="3">1264688</subfield></datafield><datafield ind1=" " ind2=" " tag="675"><subfield code="a">330.34(669.95)(091)</subfield><subfield code="v">BN</subfield><subfield code="z">por</subfield><subfield code="3">1264689</subfield></datafield><datafield ind1=" " ind2=" " tag="675"><subfield code="a">316.42(669.95(091)</subfield><subfield code="v">BN</subfield><subfield code="z">por</subfield><subfield code="3">1264690</subfield></datafield><datafield ind1=" " ind2=" " tag="675"><subfield code="a">94(669.95)"16/20"</subfield><subfield code="v">BN</subfield><subfield code="z">por</subfield><subfield code="3">1264691</subfield></datafield><datafield ind1=" " ind2="1" tag="700"><subfield code="a">Seibert</subfield><subfield code="b">Gerhard</subfield><subfield code="f">1954-</subfield><subfield code="3">813447</subfield></datafield><datafield ind1=" " ind2="0" tag="801"><subfield code="a">PT</subfield><subfield code="b">BN</subfield><subfield code="g">RPC</subfield></datafield><datafield ind1=" " ind2=" " tag="966"><subfield code="l">BN</subfield><subfield code="m">FGMON</subfield><subfield code="s">S.C. 105949 V.</subfield><subfield code="x">2</subfield></datafield></record></collection>